| 000 | 01016nam a22002537a 4500 | ||
|---|---|---|---|
| 005 | 20170124103054.0 | ||
| 010 | _aA-918689 | ||
| 020 |
_c100.00 _a8170163986 |
||
| 035 | _aA-918689 | ||
| 037 | _bCen Lib/Ret | ||
| 040 |
_aDPL _bHN |
||
| 082 |
_aक _bमैत्रेयी |
||
| 100 |
_aमैत्रेयी पुष्पा _971477 |
||
| 245 |
_aगोमा हँसती है / _cमैत्रेयी पुष्पा |
||
| 246 |
_aGoma hansti hai / _bby Maitreyi Pushpa |
||
| 260 |
_aनयी दिल्ली _bकिताबघर प्रकाशन _c1998 |
||
| 270 |
_a24, अंसारी रोड ,दरियागंज _bनयी दिल्ली _e110002 |
||
| 300 |
_a175पृ. _c21सेमी (सजिल्द) |
||
| 650 |
_aहिन्दी साहित्य _971478 |
||
| 650 |
_aकहानियां _971479 |
||
| 650 |
_aHindi literature _971480 |
||
| 650 |
_aStories _97500 |
||
| 942 |
_2ddc _cHN _hक _mमैत्रेयी |
||
| 999 |
_c117348 _d117348 |
||